समसामयिक भाषा विज्ञान (Record no. 17343)
[ view plain ]
| 000 -LEADER | |
|---|---|
| fixed length control field | 01254nam a22002537a 4500 |
| 005 - DATE AND TIME OF LATEST TRANSACTION | |
| control field | 20081031102215.0 |
| 008 - FIXED-LENGTH DATA ELEMENTS--GENERAL INFORMATION | |
| fixed length control field | 081031t xxu||||| |||| 00| 0 hin d |
| 010 ## - LCCN (DPL NO) | |
| LC control number | B-284148 |
| 020 ## - INTERNATIONAL STANDARD BOOK NUMBER | |
| International Standard Book Number | 8189537202 |
| Terms of availability | 395.00 |
| 035 ## - SYSTEM CONTROL NUMBER | |
| System control number | B-284148 |
| 035 ## - SYSTEM CONTROL NUMBER | |
| System control number | B-238674 |
| 037 ## - SOURCE OF ACQUISITION | |
| Source of stock number/acquisition | यश पब्लि. |
| 040 ## - CATALOGING SOURCE | |
| Original cataloging agency | dpl |
| Language of cataloging | hin |
| 082 ## - DEWEY DECIMAL CLASSIFICATION NUMBER | |
| Classification number | 401.954 |
| 100 ## - MAIN ENTRY--PERSONAL NAME | |
| Personal name | नारंग, वैश्ना |
| 9 (RLIN) | 46076 |
| 245 ## - TITLE STATEMENT | |
| Title | समसामयिक भाषा विज्ञान |
| Statement of responsibility, etc | वैश्ना नारंग |
| 260 ## - PUBLICATION, DISTRIBUTION, ETC. (IMPRINT) | |
| Place of publication, distribution, etc | दिल्ली |
| Name of publisher, distributor, etc | यश पब्लिकेशंस |
| Date of publication, distribution, etc | 2006 |
| 270 ## - ADDRESS | |
| Address | एक्स/909, चाँद मौहल्ला, गांधी नगर |
| City | दिल्ली |
| Postal code | 110031 |
| Telephone number | 011-22822514 |
| 300 ## - PHYSICAL DESCRIPTION | |
| Extent | 254पृ. |
| Dimensions | 22सेमी. |
| 700 ## - ADDED ENTRY--PERSONAL NAME | |
| Personal name | |
| 9 (RLIN) | 46077 |
| 942 ## - ADDED ENTRY ELEMENTS (KOHA) | |
| Source of classification or shelving scheme | Dewey Decimal Classification |
| Item type | Hindi Books |
| Classification part | 401.0954 |
| Call number suffix | नारंग |
| Withdrawn status | Lost status | Source of classification or shelving scheme | Damaged status | Not for loan | Collection code | Home library | Current library | Date acquired | Source of acquisition | Cost, normal purchase price | Total Checkouts | Full call number | Barcode | Date last seen | Copy number | Cost, replacement price | Koha item type |
|---|---|---|---|---|---|---|---|---|---|---|---|---|---|---|---|---|---|
| Dewey Decimal Classification | Non-fiction | Vinoba Puri | Vinoba Puri | 31/10/2008 | यश पब्लि./11.8.08/129/15.7.08/11.8.08 | 395.00 | 401.0954 नारंग | B-284148 | 31/10/2008 | 1 | 395.00 | Hindi Books |
